000 01025nmm a2200301 a 4500
001 ocm0002147062
003 TR-IsHL
005 20201028183850.0
008 190424s2017 tu tur
007 cr cn
020 _a9786053223481
035 _a2147062
_b(N$T)
050 0 4 _aHD69
_b.K47 2017
090 0 4 _aHD69
_b.K47 2017
100 1 _aKerzner, Harold
245 1 0 _aProje yönetimi 2.0
_h[electronic resource] /
_cHarold Kerzner ; çeviren Levent Göktem ; yayına hazırlayan Utku Umut Bulsun
260 _aİstanbul :
_bOptimist Yayınları,
_c2017
300 _a447 p.
500 _aEser orijinal adı Project Management 2.0
650 4 _aİşletme ve Yönetim
650 4 _aBusiness Management
650 0 _aProje yönetimi
650 0 _aProject management
650 7 _aBUSINESS & ECONOMICS / Project Management
_2bisacsh
700 1 _aGöktem, Levent
700 1 _aBulsun, Utku Umut
856 4 0 _uhttp://search.ebscohost.com/login.aspx?direct=true&scope=site&db=e011xww&AN=2147062
999 _c20736
_d20736